00671nam a2200229 a 4500001001300000003000900013005001700022008004100039020001100080082001600091100002100107245004600128260003100174300000900205500003500214650002000249700002100269902000800290942000700298952011900305999001700424nice12345678IN_TiNIC20260116014051.0070824s2005 lona grp 000 0 eng  ac131700a297.8bZAK1 aZakariyya, Fouad aMyth and Reality in the Islamist Mivement aLondonbPluto Press c2005 a170p aincludes index and biblioraphy aIslam-Movements1 aZakariyya, Fouad bSRS cBK 001040708StackRoom-aHMIbHMId2007-08-24g1317.00l0o297.8 ZAK1p021466r2007-08-24v1317.00w2007-08-24yBK c13726d13726